000
00301nam a2200109Ia 4500
008
200302s9999 xx 000 0 und d
100
_a
Morris Hicky Morgan
245
_a
Vitruvius - the Ten Books On Architecture
260
_b
Dover Publication Inc mineola /New York
260
_c
2015
300
_a
331 P.,
999
_c
4334
_d
4334